The Soviet ambassador reports back / (Record no. 58098)
[ view plain ]
| 000 -LEADER | |
|---|---|
| fixed length control field | 00864nam a2200253 a 4500 |
| 001 - CONTROL NUMBER | |
| control field | 58098 |
| 003 - CONTROL NUMBER IDENTIFIER | |
| rucl marc code | BD-RjUL |
| 005 - DATE AND TIME OF LATEST TRANSACTION | |
| control field | 20211209080603.0 |
| 008 - FIXED-LENGTH DATA ELEMENTS--GENERAL INFORMATION | |
| fixed length control field | 161215s1983 enk b 000 1 eng |
| 035 ## - SYSTEM CONTROL NUMBER | |
| System control number | (BD-RjUL)58222 |
| 040 ## - CATALOGING SOURCE | |
| Original cataloging agency | DLC |
| Transcribing agency | DLC |
| Modifying agency | BD-RjUL |
| Language of cataloging | eng |
| 041 1# - LANGUAGE CODE | |
| Language code of text/sound track or separate title | engrus |
| 082 00 - DEWEY DECIMAL CLASSIFICATION NUMBER | |
| Classification number | 327.2092 |
| Edition number | 23 |
| Author mark and year | CHS 1983 |
| 100 1# - MAIN ENTRY--PERSONAL NAME | |
| Personal name | Chernousov, Mikhail. |
| 9 (RLIN) | 172568 |
| 245 14 - TITLE STATEMENT | |
| Title | The Soviet ambassador reports back / |
| Statement of responsibility, etc. | Mikhail Chernousov ; [translated from the Russian by Julius Katzer]. |
| 260 ## - PUBLICATION, DISTRIBUTION, ETC. (IMPRINT) | |
| Place of publication, distribution, etc. | Moscow : |
| Name of publisher, distributor, etc. | Progress Publishers, |
| Date of publication, distribution, etc. | c1983. |
| 300 ## - PHYSICAL DESCRIPTION | |
| Pagination | 169 p. ; |
| Size | 20 cm. |
| 500 ## - GENERAL NOTE | |
| General note | Translation of: Sovetskiĭ polpred soobshchaet--. |
| 504 ## - BIBLIOGRAPHY, ETC. NOTE | |
| Bibliography, etc | Bibliography: p. 168-[170] |
| 651 #0 - SUBJECT ADDED ENTRY--GEOGRAPHIC NAME | |
| Geographic name | Europe |
| General subdivision | Politics and government |
| Chronological subdivision | 1918-1945 |
| General subdivision | Fiction. |
| 9 (RLIN) | 172569 |
| 942 ## - ADDED ENTRY ELEMENTS (KOHA) | |
| Source of classification or shelving scheme | Dewey Decimal Classification |
| Koha item type | Books |
| Lost status | Source of classification or shelving scheme | Damaged status | Not for loan | Collection code | Permanent Location | Current Location | Shelving location | Date acquired | Source of acquisition | Total Checkouts | Full call number | Date last seen | Copy number | Koha item type |
|---|---|---|---|---|---|---|---|---|---|---|---|---|---|---|
| Dewey Decimal Classification | Not For Loan | Non-fiction | Central Library, University of Rajshahi | Central Library, University of Rajshahi | Reading Room | 05/08/1989 | Asia foundation | 327.2092 CHS 1983 | 15/12/2016 | C-1 | Books |